| 000 | 00000nas##2200000za#4500 |
|---|---|
| 001 | 9.503291 |
| 003 | CaOODSP |
| 005 | 20200331215513 |
| 007 | cr ||||||||||| |
| 008 | 150406c1994||||xxc|| m o||||f| |0fre|d |
| 040 | |aCaOODSP|bfre |
| 043 | |an-cn--- |
| 086 | 1 |aSC94-57F-PDF |
| 110 | 1 |aCanada.|bCentre canadien de gestion. |
| 245 | 10|aExplorations |h[ressource électronique] |
| 260 | |aOttawa - Ontario : |bCentre canadien de gestion |
| 310 | |aIrrégulier |
| 362 | 1 |aN° 1 - |
| 691 | 07|aFonction publique|2gcpds |
| 691 | 07|aGestion|2gcpds |
| 775 | 08|tExplorations |w(CaOODSP)9.506894 |
| 776 | 0#|tExplorations |w(CaOODSP)9.513230 |